00371nam a2200121Ia 4500008004100000040001600041041001200057082001700069100002300086245008300109260004100192300001600233230917s9999||||xx |||||||||||||| ||und|| e42925aMAIN aEnglish a932.01 H675E aHoffman, Michael A 0aEgypt before the pharaohs: the prehistoic foundations of Egyptian civilization aLondonbRoutledge & Kegan Paulc1980 axxi, 391 p.